Baang e Dara (Record no. 5148)

000 -LEADER
fixed length control field 00373 a2200133 4500
040 ## - CATALOGING SOURCE
Original cataloging agency DLC
Language of cataloging DLC
082 ## - DEWEY DECIMAL CLASSIFICATION NUMBER
Classification number 891.4391
100 ## - MAIN ENTRY--PERSONAL NAME
Personal name Iqbal, M. Allama.
245 ## - TITLE STATEMENT
Title Baang e Dara
Statement of responsibility, etc. Allama Muhammad Iqbal
260 ## - PUBLICATION, DISTRIBUTION, ETC.
Place of publication, distribution, etc. Lahore :
Name of publisher, distributor, etc. Ezhar Sons.
300 ## - PHYSICAL DESCRIPTION
Extent 258 p. ;
Dimensions 24 cm.
650 ## - SUBJECT ADDED ENTRY--TOPICAL TERM
Topical term or geographic name entry element Iqbal, Muhammad, Sir, 1877-1938 -- Poetry -- Bang-e-Dara.
942 ## - ADDED ENTRY ELEMENTS (KOHA)
Koha item type Book
Call number prefix 891.4391 IQB
Source of classification or shelving scheme
Holdings
Withdrawn status Lost status Damaged status Not for loan Collection code Permanent Location Current Location Shelving location Date acquired Source of acquisition Cost, normal purchase price Total Checkouts Total Renewals Full call number Barcode Date last seen Date last checked out Price effective from Koha item type
          Central Library (CL) Central Library (CL) Fiction 08/20/2005 Academic Book company 63.75 7 6 891.4391 IQB SEECS006340 06/03/2025 01/17/2024 01/05/2017 Book
          Central Library (CL) Central Library (CL) Fiction 04/16/2007 Saeed Book Bank 170.00 1   891.4391 IQB SEECS008396 03/17/2025 07/19/2024 01/05/2017 Book
          Central Library (CL) Central Library (CL) Fiction 10/12/2002 Idris Book Bank 68.00 5   891.4391 IQB SEECS002579 05/25/2019 03/07/2019 01/05/2017 Book
© 2023 Central Library, National University of Sciences and Technology. All Rights Reserved.